Hemchandra Barua aru Gunabhiram Barua : (Record no. 2726)

MARC details
000 -LEADER
fixed length control field 00511cam a2200181ua 4500
008 - FIXED-LENGTH DATA ELEMENTS--GENERAL INFORMATION
fixed length control field 110913n ii |||gr||||Z||||||asm
040 ## - CATALOGING SOURCE
Transcribing agency MAIN
082 ## - DEWEY DECIMAL CLASSIFICATION NUMBER
Classification number 920
100 1# - MAIN ENTRY--PERSONAL NAME
Personal name Baruah, Usharani,
245 11 - TITLE STATEMENT
Title Hemchandra Barua aru Gunabhiram Barua :
Remainder of title Kriti aru kritittwa /
Statement of responsibility, etc. by Usharani Baruah
250 ## - EDITION STATEMENT
Edition statement 1st.
260 ## - PUBLICATION, DISTRIBUTION, ETC.
Place of publication, distribution, etc. Dhemaji:
Name of publisher, distributor, etc. Kiran Prakashan,
Date of publication, distribution, etc. 2006.
300 ## - PHYSICAL DESCRIPTION
Extent 200p:
Dimensions 23cm.
942 ## - ADDED ENTRY ELEMENTS (KOHA)
Koha item type Books
653 ## - INDEX TERM--UNCONTROLLED
Uncontrolled term Biography
653 ## - INDEX TERM--UNCONTROLLED
Uncontrolled term Biography of Hemchandra Barua aru Gunabhiram Barua
Holdings
Withdrawn status Lost status Damaged status Not for loan Home library Current library Shelving location Date acquired Total Checkouts Full call number Barcode Date last seen Date last checked out Copy number Price effective from Koha item type
        Central Library, Naharkatiya College Central Library, Naharkatiya College General Stacks 19/09/2020 4 920 | BAR 17076 26/04/2023 12/04/2023 1 19/09/2020 Books

Naharkatiya College © 2020. All rights reserved.

Powered By